Les îles Anglo-Normandes - Statistiques

Statistiques générales
  • Ce quiz a été pris 169 fois
    149 depuis la dernière actualisation
  • Le résultat moyen est 3 sur 25
Statistiques - réponses
Type d'îles Îles Anglo-Normandes % Correct
Terre Jersey
98%
Terre Guernesey
89%
Terre Aurigny
24%
Terre Sercq
21%
Terre Herm
14%
Terre Jéthou
9%
Groupe de rochers Les Minquiers
9%
Terre Brecqhou
8%
Groupe d'îlots et de rochers Les Écréhou
8%
Terre Burhou
7%
Îlot rocheux L'Etac de Sark
7%
Terre Lihou
7%
Récifs Les Dirouilles
5%
Îlot Ortac
5%
Groupe de rochers Casquets
4%
Groupe d'îlots Houmets
4%
Groupe de rochers Pierres de Lecq
4%
Terre Crevichon
3%
Îlot rocheux La Grune
3%
Îlot rocheux Caquorobert
2%
Îlot rocheux Hermetier
2%
Terre La Motte
2%
Îlot rocheux Moulière
2%
Îlot rocheux Putrainez
2%
Îlot rocheux Renonquet
2%
Aucun quiz correspondant
Distribution des résultats
% des personnes avec chaque résultat
Percentile par nombre de réponses
Votre historique - résultats
Vous n’avez pas pris ce quiz depuis la dernière actualisation